Barbie in the Nutcracker - Characters by Picture - Statistics

General Stats
  • This quiz has been taken 37 times
    31 since last reset
  • The average score is 7 of 16
Answer Stats
Picture Answer % Correct
Clara
100%
Nutcracker
90%
Mouse King
55%
Prince Eric
55%
Captain Candy
50%
Owl
45%
Sugar Plum Princess
45%
Major Mint
40%
Gingerbread Boy
25%
Marzipan
25%
Peppermint Girl
25%
Pimm
25%
Tommy
25%
Aunt Drosselmayer
20%
Grandfather Drosselmayer
20%
Maid
20%
No matching quizzes found
Score Distribution
Percent of People with Each Score
Percentile by Number Answered
Your Score History
You have not taken this quiz since the last reset